| 000 | 00820nam a2200265Ia 4500 | ||
|---|---|---|---|
| 003 | OSt | ||
| 005 | 20220925220717.0 | ||
| 006 | a|||||r|||| 00| 0 | ||
| 007 | ta | ||
| 008 | 220923b |||||||| |||| 00| 0 eng d | ||
| 020 | _a0333592948 | ||
| 037 | _cGeneral Book | ||
| 040 |
_aRTL _cRTL _beng |
||
| 041 |
_2eng _aeng |
||
| 082 | _aY15-49.1.N9, N2 | ||
| 100 |
_aFolbre Nancy, and others Ed. _9285217 |
||
| 245 | 0 | _aWomen's work in the world economy | |
| 260 |
_aLondon _bMacmillan _c1992 |
||
| 300 |
_axxx,264p _ccm. |
||
| 490 | _aIssues in Contemporary Economics, 4. International Economic Association Publication | ||
| 500 | _aBibliography chapterwise | ||
| 650 | _aWorking Women | ||
| 942 |
_hY15-49.1.N9, N2 _cGB _2CC |
||
| 999 |
_c572164 _d572164 |
||